Comunidades en desastre: las poblaciones bombardeadas en El Salvador /

Bewaard in:
Bibliografische gegevens
Hoofdauteur: Campos, Francisco Napoléon
Andere auteurs: Avila, Diana
Formaat: Texto
Tags: Voeg label toe
Geen labels, Wees de eerste die dit record labelt!

MARC

LEADER 00000 a a2200000 04500
001 1812
003
040
100 |a Campos, Francisco Napoléon  
245 |a Comunidades en desastre:   |b las poblaciones bombardeadas en El Salvador /  |c Francisco Napoléon Campos 
700 |a Avila, Diana  
773 |g número 9; página 17  
999 |c 26433  |d 26433